[Event "LSS No Engine Cup 02 Preliminary 2"]
[Site "LSS email"]
[Date "2009.07.02"]
[Round "?"]
[White "Hrvacic, Pavle"]
[Black "Paco, Alonso"]
[Result "1-0"]
[WhiteElo "2002"]
[BlackElo "1442"]
[PlyCount "31"]
[EventDate "2009.07.03"]
[EventType "tourn (corr)"]
[EventRounds "6"]
[EventCountry "GER"]
[SourceTitle "Corr 2013"]
[Source "ChessBase"]
[SourceDate "2012.11.12"]
[SourceVersion "1"]
[SourceVersionDate "2012.11.12"]
[SourceQuality "1"]

1. e4 d5 2. exd5 Qxd5 3. Nc3 Qd6 4. d4 Nf6 5. Nf3 c6 6. Ne5 Nbd7 7. Nc4 Qc7 8. Qf3 e6 9. Bf4 e5 10. dxe5 Nd5 11. Nxd5 Qd8 12. Nc3 Bb4 13. Bd3 0-0 14. 0-0 Nc5 15. Ne4 Nxd3 16. Qxd3 1-0

[Event "LSS OP-2009-0-00851"]
[Site "LSS email"]
[Date "2009.05.22"]
[Round "?"]
[White "Malkin, Alex"]
[Black "Paco, Alonso"]
[Result "1-0"]
[WhiteElo "1533"]
[BlackElo "1442"]
[PlyCount "69"]
[EventDate "2009.05.14"]
[EventType "tourn (corr)"]
[EventRounds "4"]
[EventCountry "GER"]
[SourceTitle "Corr 2011"]
[Source "ChessBase"]
[SourceDate "2010.08.31"]
[SourceVersion "1"]
[SourceVersionDate "2010.08.31"]
[SourceQuality "1"]

1. e4 e6 2. d4 d5 3. e5 c5 4. c3 Qb6 5. Nf3 Nc6 6. a3 c4 7. Nbd2 Na5 8. Be2 Bd7 9. 0-0 Ne7 10. Re1 h6 11. Rb1 Qc7 12. Nf1 0-0-0 13. Ng3 Kb8 14. Be3 Nb3 15. Nh5 Ba4 16. Nd2 Nf5 17. Nxb3 Nxe3 18. fxe3 Bxb3 19. Qd2 g5 20. Rf1 Rg8 21. Bg4 Bg7 22. Rf2 Rdf8 23. Nxg7 Rxg7 24. Bxe6 Qc6 25. Rf6 h5 26. Bxf7 Qd7 27. Bxd5 Rxf6 28. exf6 Rg6 29. f7 Rf6 30. Rf1 Rxf1+ 31. Kxf1 Qf5+ 32. Qf2 Qb1+ 33. Qe1 Qf5+ 34. Kg1 Ba4 35. Qf1 1-0

[Event "LSS OP-2009-0-00851"]
[Site "LSS email"]
[Date "2009.05.22"]
[Round "?"]
[White "Paco, Alonso"]
[Black "Sensabaugh, Gene"]
[Result "0-1"]
[WhiteElo "1442"]
[BlackElo "1560"]
[PlyCount "54"]
[EventDate "2009.05.14"]
[EventType "tourn (corr)"]
[EventRounds "4"]
[EventCountry "GER"]
[SourceTitle "Corr 2011"]
[Source "ChessBase"]
[SourceDate "2010.08.31"]
[SourceVersion "1"]
[SourceVersionDate "2010.08.31"]
[SourceQuality "1"]

1. e4 e5 2. Nf3 Nc6 3. Bb5 a6 4. Bxc6 dxc6 5. 0-0 Bg4 6. d4 Bxf3 7. Qxf3 exd4 8. Rd1 Bd6 9. Bf4 Bxf4 10. Qxf4 Ne7 11. Qe5 0-0 12. Qxd4 Ng6 13. Nc3 Qg5 14. Rd3 Rfd8 15. Qe3 Qxe3 16. Rxe3 Rd2 17. Rc1 Rad8 18. Ree1 Kf8 19. Red1 f6 20. Kf1 Kf7 21. Ke1 R2d6 22. g3 Ne5 23. f4 Nf3+ 24. Kf2 Nxh2 25. Rxd6 cxd6 26. Na4 d5 27. exd5 Rxd5 0-1

[Event "LSS BI-2009-P-00002"]
[Site "LSS email"]
[Date "2009.04.19"]
[Round "?"]
[White "Mason, Ian J"]
[Black "Paco, Alonso"]
[Result "1-0"]
[WhiteElo "2156"]
[BlackElo "1442"]
[PlyCount "49"]
[EventDate "2009.04.20"]
[EventType "tourn (corr)"]
[EventRounds "10"]
[EventCountry "GER"]
[SourceTitle "Corr 2011"]
[Source "ChessBase"]
[SourceDate "2010.08.31"]
[SourceVersion "1"]
[SourceVersionDate "2010.08.31"]
[SourceQuality "1"]

1. d4 d5 2. c4 e6 3. Nc3 Nf6 4. Nf3 Nbd7 5. e3 c6 6. Bd3 Bb4 7. 0-0 0-0 8. Bd2 Qe7 9. Ne5 Bd6 10. f4 a5 11. Rc1 b6 12. Nxc6 Qe8 13. Nb5 Bb8 14. Nxb8 Rxb8 15. c5 bxc5 16. dxc5 Ne4 17. Nd6 Nxd6 18. cxd6 Rxb2 19. Bc3 Rxa2 20. Bxh7+ Kxh7 21. Qh5+ Kg8 22. Bxg7 Kxg7 23. Qg5+ Kh8 24. Rf3 Rxg2+ 25. Kxg2 1-0

[Event "LSS BI-2009-P-00002"]
[Site "LSS email"]
[Date "2009.04.19"]
[Round "?"]
[White "Paco, Alonso"]
[Black "Launhardt, Wolfgang"]
[Result "0-1"]
[WhiteElo "1498"]
[BlackElo "1758"]
[PlyCount "54"]
[EventDate "2009.04.20"]
[EventType "tourn (corr)"]
[EventRounds "10"]
[EventCountry "GER"]
[SourceTitle "Corr 2011"]
[Source "ChessBase"]
[SourceDate "2010.08.31"]
[SourceVersion "1"]
[SourceVersionDate "2010.08.31"]
[SourceQuality "1"]

1. e4 c5 2. Nf3 Nc6 3. d3 g6 4. g3 Bg7 5. Bg2 d6 6. 0-0 Nf6 7. Nbd2 Bg4 8. Re1 0-0 9. h3 Be6 10. Nf1 Qc8 11. N1h2 Bxh3 12. Bxh3 Qxh3 13. Qe2 b5 14. Ng5 Qd7 15. Kg2 a5 16. c3 b4 17. Bd2 Nh5 18. Rh1 a4 19. f4 h6 20. Nh3 a3 21. bxa3 bxc3 22. Bxc3 Bxc3 23. Rac1 Rxa3 24. Ng4 Nd4 25. Qd1 Rxa2+ 26. Nhf2 Rd2 27. Nxh6+ Kg7 0-1

[Event "LSS BI-2009-P-00002"]
[Site "LSS email"]
[Date "2009.04.19"]
[Round "?"]
[White "Paco, Alonso"]
[Black "Marko, Martin"]
[Result "0-1"]
[WhiteElo "1498"]
[BlackElo "2138"]
[PlyCount "38"]
[EventDate "2009.04.20"]
[EventType "tourn (corr)"]
[EventRounds "10"]
[EventCountry "GER"]
[SourceTitle "Corr 2011"]
[Source "ChessBase"]
[SourceDate "2010.08.31"]
[SourceVersion "1"]
[SourceVersionDate "2010.08.31"]
[SourceQuality "1"]

1. e4 c6 2. d4 d5 3. exd5 cxd5 4. c4 Nf6 5. Nc3 e6 6. Nf3 Bb4 7. cxd5 Nxd5 8. Bd2 Nc6 9. Bb5 0-0 10. Nxd5 Bxd2+ 11. Qxd2 Qxd5 12. Bxc6 Qxc6 13. 0-0 f6 14. Rac1 Qd6 15. Qc3 Bd7 16. Rfd1 Rac8 17. Qa5 a6 18. Rc5 b6 19. Qxa6 Rxc5 0-1

[Event "LSS BI-2009-P-00002"]
[Site "LSS email"]
[Date "2009.04.19"]
[Round "?"]
[White "Soreghy, Janos"]
[Black "Paco, Alonso"]
[Result "1-0"]
[WhiteElo "1931"]
[BlackElo "1498"]
[PlyCount "45"]
[EventDate "2009.04.20"]
[EventType "tourn (corr)"]
[EventRounds "10"]
[EventCountry "GER"]
[SourceTitle "Corr 2011"]
[Source "ChessBase"]
[SourceDate "2010.08.31"]
[SourceVersion "1"]
[SourceVersionDate "2010.08.31"]
[SourceQuality "1"]

1. d4 d5 2. c4 e6 3. Nf3 Nf6 4. Nc3 Nbd7 5. Qc2 Be7 6. cxd5 exd5 7. Bf4 0-0 8. e3 c6 9. Bd3 Nb6 10. 0-0 Re8 11. Ne5 Be6 12. a4 a5 13. Rac1 Nbd7 14. Nxd7 Qxd7 15. Be5 h6 16. Ne2 Ng4 17. Bg3 Bd6 18. h3 Nxe3 19. fxe3 Bxg3 20. Nxg3 Bxh3 21. gxh3 Rxe3 22. Qg2 Rxd3 23. Nh5 1-0

[Event "LSS ZI-2009-0-00392"]
[Site "LSS email"]
[Date "2009.04.07"]
[Round "?"]
[White "Van Nierop, Arie"]
[Black "Paco, Alonso"]
[Result "1-0"]
[WhiteElo "1885"]
[BlackElo "1442"]
[PlyCount "61"]
[EventDate "2009.03.28"]
[EventType "match (corr)"]
[EventRounds "2"]
[EventCountry "GER"]
[SourceTitle "Corr 2011"]
[Source "ChessBase"]
[SourceDate "2010.08.31"]
[SourceVersion "1"]
[SourceVersionDate "2010.08.31"]
[SourceQuality "1"]

1. d4 Nf6 2. c4 e6 3. Nf3 d5 4. Nc3 Nbd7 5. Bg5 c6 6. e3 Qa5 7. Be2 Ne4 8. 0-0 Nxg5 9. Nxg5 dxc4 10. f4 Be7 11. Nf3 b5 12. a4 b4 13. Ne4 Qd5 14. Nfd2 Ba6 15. Rc1 0-0 16. Ng3 Nf6 17. Nxc4 Bb7 18. Ne5 Rac8 19. Bf3 Qd6 20. Qd3 Nd5 21. f5 c5 22. fxe6 Qxe6 23. Bg4 f5 24. Bxf5 Qh6 25. Bxc8 Rxc8 26. Nf5 Qe6 27. e4 Nf6 28. Qg3 Nh5 29. Nxe7+ Qxe7 30. Qb3+ c4 31. Rxc4 1-0

[Event "LSS ZI-2009-0-00387"]
[Site "LSS email"]
[Date "2009.03.29"]
[Round "?"]
[White "Paco, Alonso"]
[Black "Garcia, Miguel Angel"]
[Result "1-0"]
[WhiteElo "1442"]
[BlackElo "1469"]
[PlyCount "37"]
[EventDate "2009.03.24"]
[EventType "match (corr)"]
[EventRounds "2"]
[EventCountry "GER"]
[SourceTitle "Corr 2011"]
[Source "ChessBase"]
[SourceDate "2010.08.31"]
[SourceVersion "1"]
[SourceVersionDate "2010.08.31"]
[SourceQuality "1"]

1. d4 Nf6 2. c4 e6 3. Nc3 Bb4 4. Qc2 c5 5. dxc5 Bxc5 6. Nf3 Nc6 7. Bg5 h6 8. Bh4 g5 9. Bg3 g4 10. Ne5 Nxe5 11. Bxe5 d6 12. Rd1 Qe7 13. Bg3 Nh5 14. b4 Nxg3 15. hxg3 Bb6 16. Nb5 Bc7 17. Qc3 f6 18. Nxc7+ Qxc7 19. Qxf6 1-0

[Event "LSS RD-2009-0-00019"]
[Site "LSS email"]
[Date "2009.03.25"]
[Round "?"]
[White "Taffijn, Aadrian"]
[Black "Paco, Alonso"]
[Result "1-0"]
[WhiteElo "1680"]
[BlackElo "1498"]
[PlyCount "75"]
[EventDate "2009.01.23"]
[EventType "tourn (corr)"]
[EventRounds "6"]
[EventCountry "GER"]
[SourceTitle "Corr 2011"]
[Source "ChessBase"]
[SourceDate "2010.08.31"]
[SourceVersion "1"]
[SourceVersionDate "2010.08.31"]
[SourceQuality "1"]

1. e4 c5 2. Nc3 Nc6 3. Nf3 d6 4. d4 cxd4 5. Nxd4 Nf6 6. Bb5 Bd7 7. 0-0 e6 8. Nxc6 bxc6 9. Be2 Be7 10. Qd3 0-0 11. Qg3 Re8 12. Rd1 Qc7 13. Bh6 Bf8 14. Bg5 Be7 15. Bxf6 Bxf6 16. Qxd6 Qxd6 17. Rxd6 Red8 18. Rad1 Be8 19. e5 Rxd6 20. exd6 Rd8 21. Bc4 h6 22. Rd3 Be5 23. Ne4 Bxb2 24. Nc5 Bd7 25. Kf1 g6 26. a4 Kf8 27. a5 Ke8 28. Ba6 h5 29. h4 Bh8 30. Bb7 e5 31. c4 Bf6 32. g3 Bh8 33. Rd1 f5 34. a6 e4 35. Nb3 Rb8 36. c5 Bc3 37. Rc1 Bf6 38. Na5 1-0

[Event "LSS RC-2008-0-00022"]
[Site "LSS email"]
[Date "2009.03.07"]
[Round "?"]
[White "Paco, Alonso"]
[Black "Becker, Brian R"]
[Result "0-1"]
[WhiteElo "1498"]
[BlackElo "1838"]
[PlyCount "84"]
[EventDate "2008.12.07"]
[EventType "tourn (corr)"]
[EventRounds "6"]
[EventCountry "GER"]
[SourceTitle "Corr 2011"]
[Source "ChessBase"]
[SourceDate "2010.08.31"]
[SourceVersion "1"]
[SourceVersionDate "2010.08.31"]
[SourceQuality "1"]

1. e4 e5 2. Nf3 Nc6 3. Bb5 a6 4. Ba4 Nf6 5. 0-0 Be7 6. Re1 b5 7. Bb3 0-0 8. c3 d6 9. h3 Na5 10. d4 Nxb3 11. Qxb3 Bb7 12. d5 c6 13. dxc6 Bxc6 14. Qc2 Rc8 15. Bd2 h6 16. Be3 Bxe4 17. Qd1 Bc6 18. Nbd2 Nd7 19. Qc2 f5 20. Nb3 f4 21. Bd2 a5 22. Nc1 Qe8 23. Nh2 a4 24. Nd3 Qg6 25. f3 Nc5 26. Nb4 Qxc2 27. Nxc2 Nd3 28. Reb1 Bd7 29. Ne1 Nc5 30. Rd1 h5 31. Bc1 Bf5 32. Nf1 Bh4 33. g3 fxg3 34. Kg2 Rf6 35. Ne3 Bh7 36. Nd5 Rf7 37. Be3 Rcf8 38. Rd2 g5 39. Rad1 e4 40. f4 gxf4 41. Nxf4 Rxf4 42. Bxf4 Rxf4 0-1

[Event "LSS RC-2008-0-00022"]
[Site "LSS email"]
[Date "2009.02.26"]
[Round "?"]
[White "Theofel, Heiner"]
[Black "Paco, Alonso"]
[Result "1-0"]
[WhiteElo "1540"]
[BlackElo "1669"]
[PlyCount "29"]
[EventDate "2008.12.07"]
[EventType "tourn (corr)"]
[EventRounds "6"]
[EventCountry "GER"]
[SourceTitle "Corr 2013"]
[Source "ChessBase"]
[SourceDate "2012.11.12"]
[SourceVersion "1"]
[SourceVersionDate "2012.11.12"]
[SourceQuality "1"]

1. e4 g6 2. d4 Bg7 3. Nc3 d6 4. f4 Nf6 5. Nf3 e5 6. dxe5 dxe5 7. Qxd8+ Kxd8 8. Nxe5 Nbd7 9. Nxf7+ Ke8 10. Nxh8 Bxh8 11. e5 Nh5 12. Be2 Ng7 13. Kf2 Nf5 14. Be3 Nf8 15. Nb5 1-0

[Event "LSS SC-2009-0-00026"]
[Site "LSS email"]
[Date "2009.02.25"]
[Round "?"]
[White "Guimares Carvalho, Joao"]
[Black "Paco, Alonso"]
[Result "1-0"]
[WhiteElo "1700"]
[BlackElo "1669"]
[PlyCount "21"]
[EventDate "2009.01.22"]
[EventType "tourn (corr)"]
[EventRounds "6"]
[EventCountry "GER"]
[SourceTitle "Corr 2022"]
[Source "ChessBase"]
[SourceDate "2021.10.24"]
[SourceVersion "1"]
[SourceVersionDate "2021.10.24"]
[SourceQuality "1"]

1. e4 e5 2. Nf3 Nc6 3. Bb5 a6 4. Ba4 Nf6 5. 0-0 b5 6. Bb3 Nxe4 7. Nc3 Nxc3 8. dxc3 Bc5 9. Ng5 0-0 10. Qh5 g6 11. Qxh7# 1-0

[Event "LSS SC-2008-0-00024"]
[Site "LSS email"]
[Date "2009.02.15"]
[Round "?"]
[White "Paco, Alonso"]
[Black "Krabbenbos, Jan"]
[Result "0-1"]
[WhiteElo "1442"]
[BlackElo "1786"]
[PlyCount "56"]
[EventDate "2008.12.20"]
[EventType "tourn (corr)"]
[EventRounds "6"]
[EventCountry "GER"]
[SourceTitle "Corr 2011"]
[Source "ChessBase"]
[SourceDate "2010.08.31"]
[SourceVersion "1"]
[SourceVersionDate "2010.08.31"]
[SourceQuality "1"]

1. d4 Nf6 2. Nf3 g6 3. Bg5 Bg7 4. e3 0-0 5. Bd3 d5 6. 0-0 Nc6 7. c3 Bg4 8. h3 Bxf3 9. Qxf3 e5 10. Bxf6 Bxf6 11. Bc2 Qd6 12. Nd2 Bg7 13. Qg3 Rad8 14. Nb3 e4 15. Qxd6 Rxd6 16. f4 b6 17. Nd2 Ne7 18. g4 c5 19. Rae1 f5 20. g5 Rc8 21. h4 cxd4 22. exd4 Bxd4+ 23. cxd4 Rxc2 24. Rf2 Rdc6 25. Nb3 a5 26. Ree2 Rxe2 27. Rxe2 a4 28. Nd2 Rc2 0-1

[Event "LSS SC-2008-0-00024"]
[Site "LSS email"]
[Date "2009.02.14"]
[Round "?"]
[White "Jostov, Keylah"]
[Black "Paco, Alonso"]
[Result "1-0"]
[WhiteElo "1446"]
[BlackElo "1498"]
[PlyCount "39"]
[EventDate "2008.12.20"]
[EventType "tourn (corr)"]
[EventRounds "6"]
[EventCountry "GER"]
[SourceTitle "Corr 2011"]
[Source "ChessBase"]
[SourceDate "2010.08.31"]
[SourceVersion "1"]
[SourceVersionDate "2010.08.31"]
[SourceQuality "1"]

1. b4 e5 2. Bb2 Bxb4 3. Bxe5 Nf6 4. c4 Nc6 5. Bb2 d5 6. e3 0-0 7. cxd5 Nxd5 8. Nf3 Bg4 9. Be2 Qe7 10. 0-0 Rad8 11. Nd4 Nxd4 12. Bxg4 Ne6 13. d4 f5 14. Bf3 c6 15. Qa4 a5 16. a3 Bd6 17. Qxa5 Ra8 18. Qd2 Ng5 19. Bxd5+ Kh8 20. f4 1-0

[Event "LSS ZI-2009-0-00337"]
[Site "LSS email"]
[Date "2009.02.05"]
[Round "?"]
[White "Paco, Alonso"]
[Black "Verhaeren, Gertjan"]
[Result "0-1"]
[WhiteElo "1669"]
[BlackElo "1424"]
[PlyCount "62"]
[EventDate "2009.01.29"]
[EventType "match (corr)"]
[EventRounds "2"]
[EventCountry "GER"]
[SourceTitle "Corr 2011"]
[Source "ChessBase"]
[SourceDate "2010.08.31"]
[SourceVersion "1"]
[SourceVersionDate "2010.08.31"]
[SourceQuality "1"]

1. e4 e5 2. Nf3 Nc6 3. d4 exd4 4. Nxd4 Bc5 5. Be3 Qf6 6. c3 Nge7 7. Bc4 Ne5 8. Be2 Qg6 9. 0-0 d6 10. f3 0-0 11. Nd2 d5 12. Qc2 dxe4 13. Qxe4 Qxe4 14. Nxe4 Nd5 15. Bf2 Bb6 16. g3 f5 17. Nd2 f4 18. g4 Ne3 19. Bxe3 fxe3 20. Nc4 Nxc4 21. Bxc4+ Kh8 22. Ne2 Bd7 23. Rad1 Bc6 24. Kg2 Rad8 25. Rfe1 Rxd1 26. Rxd1 Bxf3+ 27. Kg3 Bc6 28. Nf4 g5 29. Nd5 Bc5 30. Re1 Bd6+ 31. Kg2 Rf2+ 0-1

[Event "LSS OP-2009-0-00735"]
[Site "LSS email"]
[Date "2009.02.02"]
[Round "?"]
[White "Paco, Alonso"]
[Black "Szabo Hanjecz, Judit"]
[Result "1/2-1/2"]
[WhiteElo "1669"]
[BlackElo "1211"]
[PlyCount "59"]
[EventDate "2009.01.30"]
[EventType "tourn (corr)"]
[EventRounds "4"]
[EventCountry "GER"]
[SourceTitle "Corr 2011"]
[Source "ChessBase"]
[SourceDate "2010.08.31"]
[SourceVersion "1"]
[SourceVersionDate "2010.08.31"]
[SourceQuality "1"]

1. d4 d5 2. Nf3 e6 3. Bf4 Nf6 4. h3 Bd6 5. e3 Bxf4 6. exf4 Qd6 7. Qc1 Bd7 8. c3 Nc6 9. Bd3 0-0 10. 0-0 a6 11. Ne5 Ne4 12. Nd2 f5 13. Qe1 Nxe5 14. fxe5 Qe7 15. f4 Bb5 16. Bxb5 axb5 17. Nxe4 dxe4 18. b4 Ra3 19. Rf2 Qd7 20. Rc1 Rfa8 21. Rcc2 Qc6 22. Qd2 Qc4 23. Re2 h6 24. Kf2 R8a6 25. Ke1 Qd3 26. Qc1 Kh8 27. Kf2 Kh7 28. Ke1 b6 29. Qd2 Qc4 30. g4 1/2-1/2